000 00522nam a22001937a 4500
999 _c20455
_d20455
005 20190726043028.0
008 190311b xxu||||| |||| 00| 0 spa d
040 _aCO-BoIAVH
_cCO-BoIAVH
041 _aspa
044 _amx
090 _aFG
_b0351
110 _aConabio
245 _aHilos del país de las nubes
260 _aMéxico:
_bConabio,
_c2013.
300 _aplegable
650 0 _aConocimiento ecológico tradicional.
_zMéxico
650 0 _aProductos artesanales
942 _2z
_cFolleto